000 00435nam a2200157Ia 4500
003 OSt
005 20230526161808.0
008 211028s2016 xx 000 0 und d
040 _cAIMIT LIBRARY
041 _aeng
100 _aPrathvi;Mascarenhas, Vincent.
_98648
_e141918
110 _aVincent Mascarenhas
_98649
245 _aWeb portal for REACH: a retailer ordering application.
260 _aMangalore
_c2016
942 _2ddc
_cPRO
999 _c219993
_d219993